| 000 | 00321nam a22001217a 4500 | ||
|---|---|---|---|
| 999 |
_c15468 _d15468 |
||
| 082 |
_a631.45 _bPAW/OB |
||
| 100 |
_aJeet,pawan _93184 |
||
| 245 | _aObjectives in soil and water conservation engineering / | ||
| 260 |
_aNew delhi ; _bNew vishal publications , _c2016. |
||
| 300 | _a280p. | ||
| 700 |
_aPrem _93185 |
||
| 942 | _cBK | ||